Las aventuras de Huckleberry Finn

Saved in:
Bibliografiske detaljer
Hovedforfatter: Twain, Mark (Author)
Format: Bog
Sprog:spansk
Udgivet: Santiago Andrés Bello 1992
Udgivelse:1a. ed
Fag:
Tags: Tilføj Tag
Ingen Tags, Vær først til at tagge denne postø!

MARC

LEADER 00000nam a2200000 a 4500
001 UCH8540
003 CL-VaPUC
008 091127e19920600CL |||||||||||||||||spa|d
020 |a 9561310147 
082 0 4 |a 813  |b TWA  |2 21 
100 0 |a Twain, Mark  |e author  |9 243 
245 1 4 |a Las aventuras de Huckleberry Finn 
250 |a 1a. ed 
300 |a 199 p 
942 |c BK 
945 |d 20091127 00:00:00  |a lazolas 
260 |a Santiago  |b Andrés Bello  |c 1992 
500 |a Versión abreviada de Gisela Silva Encina 
500 |a Ilustrado por Alicia Silva 
650 0 |a Novelas estadounidenses  |9 265217 
650 0 |a Literatura estadounidense  |9 317168 
583 |a last modification  |c 20091127 00:00:00  |k Rodrigo Vera 
999 |c 338751  |d 338749